000 00560nam a2200193 i 4500
001 bg
100 1 _aFINDEISEN, Władysław
245 0 _aTeoria i metody obliczeniowe optymalizacji /
_cWładysław Findeisen, Jacek Szymanowski, Andrzej Wierzbicki.
260 _aWarszawa :
_bPaństwowe Wydaw. Naukowe,
_c1977.
300 _a708 s. :
_brys.
504 _aBibliogr.
700 1 _aSZYMANOWSKI, Jacek
700 1 _aWIERZBICKI, Andrzej
040 _cBPK
041 _apol
080 _a65.01:51
942 _cKS
008 s pl f |000 0 pol
999 _c17397
_d17397
856 _uhttp://koha.tu.koszalin.pl/cgi-bin/koha/opac-detail.pl?biblionumber=17397
_yKatalog online BPK